50 american's (?)birth states Quiz Stats

 Plays Quiz not verified by Sporcle

Support Sporcle.
Go Orange.
Score 0/50 Timer 08:00
0 Plays Today
% Correct
Hawaii
64.3%
Georgia
45.2%
New York
45.2%
Michigan
45.2%
Virginia
45.2%
Kentucky
40.5%
Massachusetts
38.1%
Washington
38.1%
Illinois
35.7%
New York
35.7%
New York
33.3%
New York
33.3%
California
33.3%
California
33.3%
New York
31%
Indiana
31%
New York
31%
Maryland
31%
California
31%
England
31%
Illinois
28.6%
Oklahoma
28.6%
California
28.6%
New York
28.6%
Massachusetts
26.2%
% Correct
New York
26.2%
New York
26.2%
California
26.2%
Pennsylvania
23.8%
New York
23.8%
Massachusetts
21.4%
Ohio
21.4%
Alabama
21.4%
New York
21.4%
Indiana
21.4%
Illinois
21.4%
California
21.4%
Illinois
21.4%
California
19%
New York
19%
California
19%
Ohio
16.7%
Alabama
16.7%
Washington D.C.
14.3%
Ohio
14.3%
Kansas
7.1%
Nebraska
7.1%
Nebraska
7.1%
Russia
4.8%
Texas
2.4%

You're not logged in!

Compare scores with friends on all Sporcle quizzes.
OR
Log In

From the Vault

5 to 1: Weather

by mg10

Get your head out of the clouds! There's a quiz to be played!
Remove Ads.
Support Sporcle.
Get the best of Sporcle when you Go Orange. This ad-free experience offers more features, more stats, and more fun while also helping to support Sporcle. Thank you for becoming a member.

Show Comments

Extras

Top Quizzes Today


Score Distribution

Your Account Isn't Verified!

In order to create a playlist on Sporcle, you need to verify the email address you used during registration. Go to your Sporcle Settings to finish the process.

Report this User

Report this user for behavior that violates our Community Guidelines.

Details: